MARC

LEADER 00000nam0a2200000 4500
001 139566
005 20231031141804.0
035 |a (RuTPU)RU\TPU\book\151194 
090 |a 139566 
100 |a 20080609d1954 m y0rusy50 ca 
101 0 |a rus 
102 |a RU 
105 |a a j 000zy 
200 1 |a Гидротехнические сооружения  |e учебник для вузов  |f Е. А. Замарин, В. В. Фандеев  |g под ред. Е. А. Замарина 
205 |a 3-е изд. 
210 |a Москва  |c Государственное издательство сельскохозяйственной литературы  |d 1954 
215 |a 559 с.  |c ил. 
610 1 |a гидротехника 
610 1 |a гидротехнические сооружения 
610 1 |a гидротехнические конструкции 
610 1 |a шлюзы 
610 1 |a затворы 
610 1 |a водохранилища 
610 1 |a плотины 
610 1 |a водоподъемные плотины 
610 1 |a водозаборные сооружения 
610 1 |a отстойники 
610 1 |a учебники 
675 |a 627/628(075.8)  |v 3 
700 1 |a Замарин  |b Е. А.  |g Евгений Алексеевич 
701 1 |a Фандеев  |b В. В.  |g Василий Васильевич 
702 1 |a Замарин  |b Е. А.  |g Евгений Алексеевич   |4 340 
801 1 |a RU  |b 63413507  |c 20080609  |g PSBO 
801 2 |a RU  |b 63413507  |c 20190911  |g PSBO 
942 |c BK